000 00297nam a2200109Ia 4500
008 220204s9999 xx 000 0 und d
082 _bCHU
100 _aChunakkara Gopalakrishnan
245 0 _aRubber krishikku oru guide
260 _aTrivandrum
_bKerala Sastra Sahitya parishat
_c1977
942 _cBK
999 _c26329
_d26329